000
002770000a22000970004500
100
1
_a
Black, David Alan (1952-)
245
1
0
_a
Conjectural emendations in the gospel of Matthew
300
_a
Vol. 31, Num. 1 (Enero, 1989), Páginas 1-15
773
0
_t
Novum Testamentum
942
_c
ANA
999
_c
56764
_d
56764